| 000 | 00839nas a2200253 4500 | ||
|---|---|---|---|
| 001 | BR0803422 | ||
| 003 | BR-BrBNA | ||
| 005 | 20231205112301.0 | ||
| 007 | ta | ||
| 008 | 230509b bl.|||p| |||| 00| 00por d | ||
| 040 |
_aBR-BrBNA _bpor _cBiblioteca Nacional de Agricultura |
||
| 041 | _a(Pt) | ||
| 072 | _aH20 | ||
| 100 | 1 | _aMiranda, B.A. de | |
| 100 | 1 | _aLobo Júnior, M. | |
| 100 | 1 | _aCunha, M.G. | |
| 245 | 1 | _aReação de cultivares do feijoeiro comum às podridões radiculares causadas por Rhizoctonia solani e Fusarium solani f.sp. phaseoli | |
| 650 | _aFEIJÃO | ||
| 650 | _aPODRIDÃO RADICULAR | ||
| 650 | _aVARIEDADE RESISTENTE | ||
| 773 | 0 |
_tPesquisa Agropecuária Tropical (Brazil) _xISSN 1517-6398 _g(Oct-Dec 2007), v. 37(4) p. 221-226 _wBR0803422 |
|
| 909 |
_a202311 _bLúcia _c55 _dLúcia Elande |
||
| 942 |
_2AGRIS _n0 _cANA |
||
| 999 |
_c197177 _d197177 |
||